Statystyki dla Państwa z najbardziej zanieczyszczonym powietrzem

Kliknij tutaj aby rozwiązać quiz!

Ogólne statystyki

  • Ten quiz został rozwiązany 51 razy
  • Średni wynik to 4 z 10

Statystyki odpowiedzi

MiejscePaństwo% Poprawnych
3Indie
96%
2Pakistan
60%
1Bangladesz
54%
4Afganistan
50%
8Nepal
33%
6Mongolia
29%
9Zjednoczone Emiraty Arabskie
27%
10Nigeria
25%
5Bahrajn
23%
7Kuwejt
23%

Rozkład punktacji

Percentyl według liczby udzielonych odpowiedzi

Procent ludzi z każdym wynikiem

Twoja historia wyników

Nie rozwiązałeś tego quizu